000
00315nam a22001337a 4500
008
260427b |||||||| |||| 00| 0 eng d
020
_a
978-9364446570
082
_a
002022
100
_a
Singh,Ramesh
245
_a
Indian Economy Courseware
260
_a
Chennai
_b
McGraw Hill
_c
2026
300
_a
591p
942
_2
ddc
999
_c
1336
_d
1336